Servizio ferroviario suburbano di Milano - Statistics

Statistiche generali
  • Questo quiz è stato fatto 935 volte
  • Il punteggio medio è 52 su 126
Risposte nella Mappa
Le risposte nella mappa del quiz sottostante sono codificate secondo una scala di colori dal rosso al verde in base alla % di persone che hanno risposto correttamente.
 
Statistiche sulle risposte
Risposta % Corretto
S1, S2, S4, S5, S6, S7, S8, S11, S13 Milano Porta Garibaldi
96%
S7, S8, S9, S11 Monza
85%
S5, S6, S11 Rho
82%
S3, S4 Milano Cadorna
81%
S1, S2, S4, S5, S6, S13 Milano Porta Venezia
81%
S1, S3, S9 Saronno
81%
S1, S2, S13 Milano Rogoredo
80%
S1, S2, S3, S4, S13 Milano Bovisa Politecnico
78%
S9 Milano Lambrate
78%
S7, S8, S9, S11 Sesto San Giovanni
77%
S5 Varese
77%
S11 Como San Giovanni
76%
S1 Lodi
76%
S1, S2, S4, S5, S6, S13 Milano Dateo
74%
S1, S2, S4, S5, S6, S13 Milano Repubblica
73%
S13 Pavia
73%
S7, S8 Lecco
72%
S9 Milano Porta Romana
71%
S5, S6, S9 Milano Forlanini
69%
S7, S8, S9, S11 Milano Greco Pirelli
68%
S1, S2, S4, S5, S6, S13 Milano Porta Vittoria
68%
S6 Novara
68%
S5, S6, S11 Milano Certosa
66%
S3, S4 Milano Domodossola
65%
S5, S6 Treviglio
65%
S1, S2, S4, S5, S6, S13 Milano Lancetti
64%
S5, S6, S11 Milano Villapizzone
63%
S5, S6 Pioltello-Limito
60%
S5, S6, S11 Rho Fiera
58%
S5 Busto Arsizio
57%
S1 San Donato Milanese
57%
S2, S4 Milano Affori
55%
S9, S11 Seregno
55%
S5, S6 Segrate
54%
S1, S3 Milano Quarto Oggiaro
53%
S11 Chiasso
52%
S9 Albairate-Vermezzo
51%
S9 Milano Romolo
51%
S9 Milano San Cristoforo
51%
S5 Gallarate
48%
S5 Legnano
48%
S1 Melegnano
48%
S9, S11 Desio
47%
S1, S3 Garbagnate Milanese
47%
S1 San Giuliano Milanese
47%
S1, S3 Bollate Centro
45%
S9, S11 Lissone-Muggiò
45%
S6 Magenta
45%
S9 Milano Tibaldi
45%
S8 Arcore
44%
S2, S4 Cormano-Cusano Milanino
42%
S1, S3, S9 Saronno Sud
42%
S2, S4 Seveso
42%
S1, S3 Novate Milanese
41%
S2, S4 Paderno Dugnano
41%
S5, S6 Melzo
40%
S9 Corsico
39%
S4 Camnago-Lentate
38%
S8 Carnate-Usmate
38%
S8 Cernusco-Merate
38%
S11 Cantù-Cermenate
36%
S2, S4, S9 Cesano Maderno
36%
S7 Monza Sobborghi
36%
S7 Carate-Calò
35%
S13 Certosa di Pavia
35%
S2 Meda
35%
S1, S3 Bollate Nord
34%
S5, S6 Cassano d'Adda
34%
S9 Cesano Boscone
34%
S2, S4 Milano Bruzzano
33%
S1, S3 Caronno Pertusella
32%
S1, S3 Garbagnate Parco delle Groane
32%
S13 Locate Triulzi
32%
S6 Trecate
32%
S6 Vittuone-Arluno
32%
S1 Borgolombardo
31%
S6 Corbetta-Santo Stefano Ticino
31%
S2 Mariano Comense
31%
S13 Pieve Emanuele
30%
S9 Trezzano sul Naviglio
30%
S11 Como Camerlata
29%
S5 Parabiago
29%
S1 San Zenone al Lambro
29%
S1, S3 Cesate
28%
S9 Gaggiano
28%
S1 Tavazzano
28%
S7 Villasanta Parco
28%
S9 Ceriano Laghetto-Solaro
27%
S8 Calolziocorte-Olginate
26%
S6 Pregnana Milanese
26%
S5 Vanzago-Pogliano
26%
S5, S6 Vignate
26%
S7 Molteno
24%
S8 Lecco Maggianico
23%
S5, S6 Pozzuolo Martesana
23%
S5 Canegrate
22%
S2, S4 Palazzolo Milanese
22%
S5, S6 Trecella
22%
S2, S4 Varedo
22%
S7 Besana
21%
S7 Biassono-Lesmo Parco
21%
S8 Olgiate-Calco-Brivio
21%
S13 Villamaggiore
21%
S5 Cavaria-Oggiona-Jerago
20%
S7 Oggiono
20%
S5 Albizzate-Solbiate Arno
19%
S2, S4 Bovisio Masciago-Mombello
18%
S7 Costa Masnaga
18%
S2 Cabiate
17%
S5 Castronno
16%
S7 Macherio-Canonica
16%
S9 Seveso-Baruccana
16%
S7 Valmadrera
16%
S11 Carimate
15%
S7 Civate
15%
S5 Gazzada-Schianno-Morazzone
15%
S7 Renate-Veduggio
15%
S7 Buttafava
14%
S11 Cucciago
14%
S8 Airuno
13%
S8 Osnago
13%
S7 Cassago-Nibionno-Bulciago
12%
S7 Triuggio-Ponte Albiate
12%
S8 Vercurago-San Girolamo
12%
S7 Sala al Barro-Galbiate
11%
S7 Villa Raverio
10%
Nessun quiz corrispondente trovato
Distribuzione punteggi
Percentuale di utenti per punteggio
Percentile per numero di risposta
I tuoi punteggi nel tempo
Non hai fatto questo quiz